New directions in sustainable design (Record no. 112604)
[ view plain ]
| 000 -LEADER | |
|---|---|
| fixed length control field | 03308cad a22002415a 4500 |
| 001 - CONTROL NUMBER | |
| control field | L153605 |
| 008 - FIXED-LENGTH DATA ELEMENTS--GENERAL INFORMATION | |
| fixed length control field | 110809s2010 xxk f 000 0 eng d |
| 020 ## - INTERNATIONAL STANDARD BOOK NUMBER | |
| International Standard Book Number | 9780203843031 |
| 035 ## - SYSTEM CONTROL NUMBER | |
| System control number | (Sirsi) u153605 |
| 041 0# - LANGUAGE CODE | |
| Language code of text/sound track or separate title | eng |
| 245 00 - TITLE STATEMENT | |
| Title | New directions in sustainable design |
| Medium | [electronic resource] |
| 260 ## - PUBLICATION, DISTRIBUTION, ETC. | |
| Name of publisher, distributor, etc. | Routledge Ltd |
| Date of publication, distribution, etc. | 2010 |
| 300 ## - PHYSICAL DESCRIPTION | |
| Extent | eBook |
| 505 2# - FORMATTED CONTENTS NOTE | |
| Formatted contents note | Part I Principles -- 1 Letter to the Profession of Architecture -- 2 Art, Politics, and Climate Change -- 3 Interview with Janet Laurence on Public Art and Ecology -- 4 The Brunel Lecture -- Part II Ecologies -- 5 Ecological Modernism and the Making of a New Working Class -- 6 Back to the Garden: The Ecological Evolution of the Atlantic Yards -- 7 Building Recombinant Ecologies: Triangulating Policy, Models, and Design in Urban Infrastructure -- 8 Patchworks, Ecologies, and the Contemporary City -- Part III Resiliences -- 9 Design from the Ground Up: Risks and Opportunities in Humanitarian Design -- 10 Constructive Dialogue: Community Building as a Tool of Social Change -- 11 Interview with Durganand Balsavar of ARTES-Human Settlements Development Collaborative -- 12 The Politics of the Southeast Asian Smog Crises: A Classic Case of Rentier Capitalism at Work? -- 13 Designing Resilience: Sustainable Design from a Complex Systems Perspective -- Part IV Techniques -- 14 Technique Is the Architecture of Sustainability -- 15 How Is LEED Faring after Five Years in Use? -- 16 LEED after Ten Years -- 17 Interview with Christof Jantzen of Behnisch Architekten -- 18 Reinventing the Wheels -- Part V Concepts -- 19 The Sustainability of Concepts: Knowledge and Human Interests -- 20 Undoing the Subject: Deleuze and the Makings of a Sustainable Life -- 21 Cultural Symbolizations of a Sustainable Future |
| 520 ## - SUMMARY, ETC. | |
| Summary, etc. | This book brings together new and emerging perspectives on sustainability. Combining a series of well know authors in contemporary philosophy with established practitioners of sustainable design, this book develops a coherent theoretical framework for how a philosophy of sustainability might engage with the growing practice of sustainable design. In the context of design practice thinking sustainably involves a rigorous combination of philosophical questioning and a common sense solution approach to the problems such questioning produces. Here we are presented with a collection of different, jargon-free perspectives on how the practices and theories of sustainability create subjectivity. Divided into sections, it articulates the specificity of both theory and practice, whilst recognizing the manner in which philosophical thinking and design thinking are different, yet related to each other. By producing a pragmatic materialism, whereby theory is broached as a practical discourse, the authors argue that theory has material effects and describe a new way to approach sustainable design, so as to eqip the next generation of designers with the necessary conceptual tools in thinking sustainably. |
| 650 24 - SUBJECT ADDED ENTRY--TOPICAL TERM | |
| Topical term or geographic name entry element | EBOOK |
| 651 #4 - SUBJECT ADDED ENTRY--GEOGRAPHIC NAME | |
| Geographic name | International |
| 690 ## - LOCAL SUBJECT ADDED ENTRY--TOPICAL TERM (OCLC, RLIN) | |
| Topical term or geographic name as entry element | ENVIRONMENTAL AND LAND CONSULTANCY-SUSTAINABILITY |
| 700 1# - ADDED ENTRY--PERSONAL NAME | |
| Personal name | Parr, Adrian |
| 700 1# - ADDED ENTRY--PERSONAL NAME | |
| Personal name | Zaretsky, Michael |
| 856 40 - ELECTRONIC LOCATION AND ACCESS | |
| Uniform Resource Identifier | <a href="https://www.vlebooks.com/">https://www.vlebooks.com/</a> |
| Public note | View on VLEbooks. Logins for members only from [email protected] |
| 942 ## - ADDED ENTRY ELEMENTS (KOHA) | |
| Suppress in OPAC | 0 |
| Withdrawn status | Lost status | Source of classification or shelving scheme | Damaged status | Not for loan | Home library | Current library | Shelving location | Date acquired | Total Checkouts | Full call number | Barcode | Date last seen | Copy number | Price effective from | Koha item type |
|---|---|---|---|---|---|---|---|---|---|---|---|---|---|---|---|
| Dewey Decimal Classification | Virtual | Virtual | Online | 09/08/2011 | EBOOK | 153605-1001 | 06/08/2019 | 1 | 06/08/2019 | Book |